000 00721nmc a2200253 a 4500
003 AR-BaBNM
005 20251128204038.0
008 067019s1988 ||||||||||||||000 | spa||
040 _cAR-BaBNM
110 1 _aArgentina
_bMinisterio de Educación y Justicia
_bCongreso Pedagógico
245 1 0 _aChubut
_binforme final
260 _aBuenos Aires
_bEudeba
_c1988
300 0 _ap. irreg.
490 0 _aCongreso Pedagógico
500 0 _aLey 23.114: Congreso Pedagógico Nacional
600 1 4 _aAlfonsín, Raúl Ricardo
_d1983-1989
650 4 _aESTADO Y EDUCACION
650 4 _aREFORMA DE LA EDUCACION
651 4 _aArgentina
651 4 _aChubut
653 0 _aCONGRESO PEDAGOGICO
942 _cBK
998 _cSILVI
999 _c5940
_d5940